Project Runway Contestants - Statistics

General Stats
  • This quiz has been taken 11 times
  • The average score is 142 of 299
Answer Stats
Season Designer % Correct
Season 12 Angela Bacskocky
100%
Season 3 Angela Keslar
100%
Season 13 Angela Sum
100%
Season 7 Anthony Williams
100%
Season 9 Anya Ayoung-Chee
100%
Season 4 Chris March
100%
Season 7 Christiane King
100%
Season 4 Christian Siriano
100%
Season 11 Daniel Esquivel
100%
Season 5 Daniel Feld
100%
Season 1 | Season 2 Daniel Franco
100%
Season 2 Daniel Vosovic
100%
Season 4 Jack Mackenroth
100%
Season 9 Joshua Christensen
100%
Season 9 Joshua McKinley
100%
Season 9 Kimberly Goldson
100%
Season 15 Kimber Richardson
100%
Season 3 Laura Bennett
100%
Season 9 Laura Kathleen Planck
100%
Season 10 Melissa Fleis
100%
Season 16 Michael Brambila
100%
Season 8 Michael Costello
100%
Season 8 Michael Drummond
100%
Season 11 Michelle Lesniak Franklin
100%
Season 3 Mychael Knight
100%
Season 3 Alison Kelly
80%
Season 6 Althea Harper
80%
Season 14 Amanda Perna
80%
Season 11 | Season 13 Amanda Valentine
80%
Season 2 Andrea Gonzalo
80%
Season 10 Andrea Katz
80%
Season 8 Ari South
80%
Season 1 Austin Scarlett
80%
Season 10 Beatrice Guapo
80%
Season 9 Bert Keeter
80%
Season 10 Buffi Jashanmal
80%
Season 6 Carol Hannah Whitfield
80%
Season 2 Chloe Dao
80%
Season 4 Christina "Kit Pistol" Scarbo
80%
Season 10 Dmitry Sholokhov
80%
Season 12 Dominique "Dom" Streater
80%
Season 10 Elena Slivnyak
80%
Season 4 Elisa Jimenez
80%
Season 7 Emilio Sosa
80%
Season 15 Erin Robertson
80%
Season 10 Fabio Costa
80%
Season 18 Geoffrey Mac
80%
Season 8 Gretchen Jones
80%
Season 10 Gunnar Deatherage
80%
Season 6 Irina Shabayeva
80%
Season 8 Ivy Higa
80%
Season 1 Jay McCarroll
80%
Season 7 Jay Nicolas Sario
80%
Season 18 Jenn Charkow
80%
Season 7 Jesus Estrada
80%
Season 4 Jillian Lewis
80%
Season 5 Joe Faris
80%
Season 7 Jonathan Peters
80%
Season 2 Kara Janx
80%
Season 1 Kara Saun
80%
Season 4 Kathleen "Sweet P" Vaughn
80%
Season 3 Kayne Gillaspie
80%
Season 5 Keith Bryce
80%
Season 3 Keith Michael
80%
Season 12 Ken Laurence
80%
Season 5 Kenley Collins
80%
Season 4 Kevin Christiana
80%
Season 1 Kevin Johnn
80%
Season 10 Kooan Kosuke
80%
Season 5 Korto Momolu
80%
Season 10 Lantie Foster
80%
Season 5 Leanne Marshall
80%
Season 7 Mila Hermanovski
80%
Season 8 Mondo Guerra
80%
Season 2 Nick Verreos
80%
Season 4 Rami Kashou
80%
Season 11 Richard Hallmarq
80%
Season 2 Santino Rice
80%
Season 15 Sarah Donofrio
80%
Season 8 Sarah Trost
80%
Season 7 Seth Aaron Henderson
80%
Season 12 Sue Waller
80%
Season 3 Uli Herzner
80%
Season 10 Ven Budhu
80%
Season 1 Wendy Pepper
80%
Season 15 Alex Snyder
60%
Season 10 Alicia Hardesty
60%
Season 16 Amy Bond
60%
Season 7 Amy Sarabi
60%
Season 8 April Johnston
60%
Season 6 Ari Fish
60%
Season 9 Becky Ross
60%
Season 7 Ben Chmura
60%
Season 5 Blayne Walsh
60%
Season 3 Bradley Baumkirchner
60%
Season 16 Brandon Kee
60%
Season 18 Chelsey Carter
60%
Season 8 Christopher Collins
60%
Season 10 Christopher Palu
60%
Season 6 Christopher Straub
60%
Season 11 Cindy Marlatt
60%
Season 2 Heidi Standridge
60%
Season 11 James Martinez
60%
Season 3 Jeffery Sebelia
60%
Season 5 Jennifer Diederich
60%
Season 15 Jenni Riccetti
60%
Season 5 Jerell Scott
60%
Season 2 John Wade
60%
Season 11 Joseph Aaron Segal
60%
Season 14 Joseph Charles Poli
60%
Season 12 Justin LeBlanc
60%
Season 5 Kelli Martin
60%
Season 14 Kelly Dempsey
60%
Season 19 Kristina Kharlashkina
60%
Season 8 Kristin Haskins Simms
60%
Season 11 Layana Aguilar
60%
Season 6 Logan Neitzel
60%
Season 6 Louise Black
60%
Season 3 Malan Breton
60%
Season 1 Mario Cadenas
60%
Season 4 Marion Lee
60%
Season 11 Matthew Arthur
60%
Season 7 Maya Luz
60%
Season 10 Nathan Paul
60%
Season 1 Nora Caliguri
60%
Season 7 Pamela Ptak
60%
Season 11 Patricia Michaels
60%
Season 8 Peach Carr
60%
Season 7 Ping Wu
60%
Season 6 Qristyl Frazier
60%
Season 10 Raul Osorio
60%
Season 3 Robert Best
60%
Season 1 Robert Plotkin
60%
Season 6 Rodney Epperson
60%
Season 11 Samantha Black
60%
Season 13 Samantha Plasencia
60%
Season 16 Samantha Rei
60%
Season 13 Sean Patrick Kelly
60%
Season 6 Shirin Askari
60%
Season 4 Simone LeBlanc
60%
Season 10 Sonjia Williams
60%
Season 5 Stella Zotis
60%
Season 5 Stephen "Suede" Baum
60%
Season 4 Steven Rosengard
60%
Season 5 Terri Stevens
60%
Season 18 Tyler Neasloney
60%
Season 8 Valerie Mayen
60%
Season 9 Viktor Luna
60%
Season 16 Vincent "ChaCha" Nie
60%
Season 3 Vincent Libretti
60%
Season 19 Aaron Michael
40%
Season 16 Aaron Myers
40%
Season 12 Alexandria von Bromssen
40%
Season 7 Anna Lynett
40%
Season 19 Anna Yinan Zhou
40%
Season 9 Anthony Ryan Auld
40%
Season 11 Benjamin Mach
40%
Season 17 Bishme Cromartie
40%
Season 3 Bonnie Dominguez
40%
Season 12 Bradon McDonald
40%
Season 9 Bryce Black
40%
Season 8 Carlos Casanova
40%
Season 4 Carmen Webber
40%
Season 16 Claire Buitendorp
40%
Season 15 Cornelius Ortiz
40%
Season 9 Danielle Everine
40%
Season 14 David Giampiccolo
40%
Season 5 Emily Brandle
40%
Season 13 Emily Payne
40%
Season 11 Emily Pollard
40%
Season 2 Emmett McCarthy
40%
Season 17 Gary "Garo Sparo" Spampinato
40%
Season 6 Gordana Gehlhausen
40%
Season 12 Helen Castillo
40%
Season 14 Jake Wall
40%
Season 8 Jason Troisi
40%
Season 5 Jerry Tam
40%
Season 7 Jesse LeNoir
40%
Season 6 Johnny Sakalis
40%
Season 9 Julie Tierney
40%
Season 11 | Season 12 Katelyn "Kate" Pankoke*
40%
Season 3 Katherine Gerdes
40%
Season 2 Kirsten Ehrig
40%
Season 6 Malvin Vien
40%
Season 8 McKell Maddox
40%
Season 6 Mitchell Hal
40%
Season 13 Mitchell Perry
40%
Season 8 Nicholas D'Aurizio
40%
Season 6 Nicolas Putvinski
40%
Season 9 Olivier Green
40%
Season 6 Ra'mon Lawrence Coleman
40%
Season 4 Ricky Lizalde
40%
Season 15 Rik Villa
40%
Season 14 Saisha Shinde
40%
Season 13 Sandhya Garg
40%
Season 16 Shawn Buitendorp
40%
Season 3 Stacey Estrella
40%
Season 11 Stanley Hudson
40%
Season 4 Victorya Hong
40%
Season 5 Wesley Nault
40%
Season 2 Zulema Griffin
40%
Season 8 A.J. Thouvenot
20%
Season 18 Alan Gonzalez
20%
Season 13 Alexander Knox
20%
Season 12 Alexander Pope
20%
Season 1 Alexandra Vidal
20%
Season 18 Brittany Allen
20%
Season 13 Carrie Sleutskaya
20%
Season 19 Caycee Black
20%
Season 9 Cecilia Motwani
20%
Season 13 Charketa "Char" Glover
20%
Season 15 Dexter Simmons
20%
Season 2 Diana Eng
20%
Season 13 Fäde zu Grau
20%
Season 14 Gabrielle Arruda
20%
Season 2 Guadalupe Vidal
20%
Season 14 Hanmiao Yang
20%
Season 13 Hernan Lander
20%
Season 15 Ian Hargrove
20%
Season 7 Janeane Marie Ceccanti
20%
Season 13 Jefferson Musanda
20%
Season 12 Jeremy Brandrick
20%
Season 16 Kentaro Kameyama
20%
Season 13 Kiniokahokula "Kini" Zamora
20%
Season 13 Korina Emmerich
20%
Season 13 Kristine Guico
20%
Season 15 Mah-Jing Wong
20%
Season 2 Marla Duran
20%
Season 18 Melanie Trygg
20%
Season 12 Miranda Kay Levy
20%
Season 2 Raymundo Baltazar
20%
Season 12 Sandro Masmanidi
20%
Season 1 Starr Ilzhoefer
20%
Season 15 Tasha Henderson
20%
Season 12 Timothy Westbrook
20%
Season 11 Tu Suthiwat Nakchat
20%
Season 1 Vanessa Riley
20%
Season 17 Afa Ah Loo
0%
Season 14 Ashley Nell Tipton
0%
Season 18 Asma Bibi
0%
Season 16 Ayana Ife
0%
Season 16 Batani Khalfani
0%
Season 14 Blake Patterson
0%
Season 19 Bones Jones
0%
Season 15 Brik Allen
0%
Season 14 Candice Cuoco
0%
Season 17 Cavanagh Baker
0%
Season 19 Chasity Sereal
0%
Season 19 Coral Castillo
0%
Season 19 Darren Apolonio
0%
Season 18 Dayoung Kim
0%
Season 18 Delvin McCray
0%
Season 16 Deyonte Weather
0%
Season 14 Duncan Chambers-Watson
0%
Season 14 Edmond Newton
0%
Season 9 Fallene Wells
0%
Season 17 Frankie Lewis
0%
Season 17 Hester Sunshine
0%
Season 17 Jamall Osterholm
0%
Season 12 Kahindo Mateene
0%
Season 12 Karen Batts
0%
Season 19 Katie Kortman
0%
Season 19 Kenneth Barlis
0%
Season 16 Kenya Freeman
0%
Season 17 Kovid Kapoor
0%
Season 16 Kudzanai Karidza
0%
Season 15 Laurence Basse
0%
Season 14 Laurie Underwood
0%
Season 17 Lela Orr
0%
Season 15 Linda Marcus
0%
Season 14 Lindsey Creel
0%
Season 16 Margarita Alvarez
0%
Season 18 Marquise Foster
0%
Season 19 Meg Ferguson
0%
Season 14 Merline Labissiere
0%
Season 17 Nadine Ralliford
0%
Season 18 Nancy Volpe-Beringer
0%
Season 15 Nathalia JMag
0%
Season 19 Octavio Aguilar
0%
Season 19 Prajjé Oscar Jean-Baptiste
0%
Season 9 Rafael Cox
0%
Season 17 Rakan Shams Aldeen
0%
Season 17 Renee Hill
0%
Season 15 Roberi Parra
0%
Season 19 Sabrina Spanta
0%
Season 17 Sebastian Grey
0%
Season 16 Sentell McDonald
0%
Season 18 Sergio Guadarrama
0%
Season 19 Shantall Lacayo
0%
Season 18 Shavi Lewis
0%
Season 17 Sonia Kasparian
0%
Season 17 Tessa Clark
0%
Season 17 Venny Etienne
0%
Season 18 Veronica Sheaffer
0%
Season 18 Victoria Cocieru
0%
Season 19 Zayden Skipper
0%
No matching quizzes found
Score Distribution
Percent of People with Each Score
Percentile by Number Answered
Your Score History
You have not taken this quiz